000 00286nam a22001337a 4500
008 170818b xxu||||| |||| 00| 0 eng d
020 _a2900534406010
041 _aeng
080 _24TH
_a51
100 _a37
101 _aMAT
245 _aCOLLEGE ALGEBRA
_cBANKS,J
942 _2udc
_cBK
999 _c24120
_d24120